000 00687nac a22002171u 4500
010 _a 87025142
020 _a0313252874 (lib. bdg. : alk. paper)
082 0 0 _a016.3052603
_bHAR
090 _c9996
_d9996
100 _aHarris, Diana K.
245 1 0 _aDictionary of gerontology /
_cDiana K. Harris.
260 _aNew York :
_bGreenwood Press,1988.
_cc1988.
300 _axii, 201 p. ;
_c25 cm.
_bill.;
500 _aIncludes index.
500 _aDonations - AUC.
500 _aDonations.
511 _aCatalogued by: Sara.
650 0 _aGerontology
_xDictionaries.
650 0 _aGerontology
_xBibliography.
942 _cNB
_k016.3052603HAR
999 _c9996
_d9996